| 000 | 00502nam a22001937a 4500 | ||
|---|---|---|---|
| 003 | OSt | ||
| 005 | 20260320145312.0 | ||
| 008 | 260320b |||||||| |||| 00| 0 Pun d | ||
| 020 | _a9788119838141 | ||
| 040 |
_aBGL _cBGL |
||
| 082 | _a891.423 JAS:B | ||
| 100 | _aਨਿਰਮਲ ਜਸ਼ਵਾਲ | ||
| 245 | _aਬਰਨਿੰਗ ਸਨੋ | ||
| 260 |
_aNew Delhi _bNavyug Publishers _c2025 |
||
| 300 | _a120p | ||
| 440 | _aਬਰਨਿੰਗ ਸਨੋ | ||
| 650 | _aPunjabi | ||
| 942 |
_2ddc _cGB |
||
| 999 |
_c44320 _d44320 |
||